00963nam a2200217 a 450000500170000000800410001704000250005804100080008308200130009110000370010424501840014126000750032530000160040065000140041665000300043065000300046066200580049094200130054899900150056195201690057620191224041637.0160826b2001 ck |||||rm||| 00| 0 spa d aCO-BoIAVHcCO-BoIAVH aspa aTEb01361 aGonzález Hernández, Andrés14aAnálisis de la variedad fenotípica de una población de Odocoileus virginianus (Zimermann, 1780) ante las condiciones ambientales del parque nacional natural El Tuparro...... aBogotábUniversidad Nacional de Colombia. Faculdad de Cienciasc2001 a136 Paginas14aFenotipos14aVariabilidad fenotípica14aEcología de poblaciones aColombiacParque Nacional Natural El TuparrobVichada cTESIS2z c2486d2486 00102z40708TESISaBogotabBogotad2001-10-05l0oTE-0136p003082r2012-12-04 00:00:00tEj. 1w2012-12-04xDonacionyTESISzDisponible solo para consulta en sala